| 000 | 00594nam a2200217Ia 4500 | ||
|---|---|---|---|
| 001 | 12669 | ||
| 003 | GE_BSU | ||
| 008 | 181216s||||||||xx |||||||||||||| ||und|| | ||
| 040 | _cGE_BSU | ||
| 080 | _a631.4 | ||
| 100 | _aКук,Дж.У. | ||
| 245 | _aРегулирование плодородия почвы | ||
| 245 | _cПер.с англ.Э.И.Шконде | ||
| 260 | _aМосква | ||
| 260 | _bКолос | ||
| 260 | _c1970 | ||
| 300 | _a250стр.26см. | ||
| 300 | _eТаблицы с.180 | ||
| 653 | _aРегулирование плодородия почвы | ||
| 942 | _cBK | ||
| 999 |
_c45840 _d45840 |
||